| 000 | 00838cab a22002295a 4500 | ||
|---|---|---|---|
| 001 | L159205 | ||
| 008 | 150113e2013 xxk 000 0 eng d | ||
| 035 | _a(Sirsi) u159205 | ||
| 041 | 0 | _aeng | |
| 050 | _a333.3307 $2 18 | ||
| 100 | 1 | _aCraig, Ewan | |
| 245 | 0 | 0 |
_aGetting to the core _h[electronic resource] |
| 260 | _c2013 | ||
| 490 |
_aRICS Building Surveying Journal _vJuly - August 2013, 26(1) |
||
| 520 | _aDiscusses the Construction Technology and Environmental Services core competency. First in the series on the six core competencies. | ||
| 650 | 2 | 4 |
_aAPC _96216 |
| 651 | 4 |
_aUnited Kingdom _y |
|
| 690 |
_aAPC _96216 |
||
| 690 |
_aBuilding surveying _96225 |
||
| 856 | 4 | 0 |
_uhttps://www.rics.org/Global/Building%20Surveying%20Journal%20July-August%202013.pdf _zView the article free of charge at www.rics.org... |
| 942 | _n0 | ||
| 999 |
_c84826 _d84826 |
||